000 00610nam a2200181Ia 4500
008 151202s9999||||xx |||||||||||||| ||und||
082 _bPNVM-56411
100 _aफडणीस शंकुतला.
245 _aसात मजली बाशिंग.
260 _b"संजय प्रकाशन,पुणे."
260 _c1991
300 _a140
600 _aफडणीस शंकुतला.
630 _aसात मजली बाशिंग.
700 _aफडणीस शंकुतला.
730 _aसात मजली बाशिंग.
942 _cBOOK
999 _c1322949
_d1322946